Načítá se...

`Glory to the Cow': Cultural Difference and Social Justice in the Food Hierarchy in India

Podrobná bibliografie
Hlavní autor: Shraddha Chigateri
Médium: Printed Book
On-line přístup:http://10.26.1.76/ks/002363.pdf
LEADER 003520000a22000970004500
100 |a Shraddha Chigateri 
245 |a `Glory to the Cow': Cultural Difference and Social Justice in the Food Hierarchy in India 
856 |u http://10.26.1.76/ks/002363.pdf 
942 |c KS 
999 |c 71751  |d 71751 
952 |0 0  |1 0  |4 0  |7 0  |9 63715  |a MGUL  |b MGUL  |d 2015-08-01  |l 0  |r 2015-08-01  |w 2015-08-01  |y KS